Complete the Card - WWE Day 1 - Statistics

General Stats
  • This quiz has been taken 160 times
  • The average score is 18 of 23
Answer Stats
Hint Answer % Correct
WWE SmackDown Tag Team Championship Match Jey Uso
98%
WWE SmackDown Tag Team Championship Match Jimmy Uso
98%
Fatal Five-Way WWE Championship Match Brock Lesnar
94%
Fatal Five-Way WWE Championship Match Big E
93%
Fatal Five-Way WWE Championship Match Seth Rollins
92%
WWE Raw Women's Championship Match Becky Lynch
91%
Fatal Five-Way WWE Championship Match Bobby Lashley
88%
Fatal Five-Way WWE Championship Match Kevin Owens
85%
WWE Raw Tag Team Championship Match Randy Orton
84%
WWE Raw Tag Team Championship Match Riddle
84%
WWE SmackDown Tag Team Championship Match King Woods
82%
WWE SmackDown Tag Team Championship Match Kofi Kingston
82%
WWE Raw Tag Team Championship Match Angelo Dawkins
76%
WWE Raw Tag Team Championship Match Montez Ford
75%
Singles Match The Miz
74%
Singles Match Edge
72%
Tag Team Match (Kickoff Show) Sheamus
69%
Singles Match Drew McIntyre
68%
WWE Raw Women's Championship Match Liv Morgan
65%
Tag Team Match (Kickoff Show) Ridge Holland
64%
Singles Match Madcap Moss
55%
Tag Team Match (Kickoff Show) Cesaro
48%
Tag Team Match (Kickoff Show) Ricochet
44%
No matching quizzes found
Score Distribution
Percent of People with Each Score
Percentile by Number Answered
Your Score History
You have not taken this quiz